000 00637nam a2200229Ia 4500
003 OSt
005 20220918210249.0
006 a|||||r|||| 00| 0
007 ta
008 220917b |||||||| |||| 00| 0 eng d
024 _a119,862
037 _cTextual
040 _aARTS
_cARTS
_beng
041 _2eng
_aeng
082 _aV73:19(zE).58.N47, L8
100 _aYergin Daniel
_9117650
245 0 _aShattered peace
_b the origns of the cold war and the national security states
260 _c1988
650 _aHISTORY
942 _hV73:19(zE).58.N47, L8
_cTEXL
_2CC
999 _c243121
_d243121